000 00497nam a2200133 a 4500
001 000039294
005 20201002031601.0
008 130621s1982 dr ac 000 0 spa d
040 _aDO-SdBNP
_bspa
_cBNPHU
100 1 _aBaron Goico, Héctor
_930818
245 1 0 _aPiquini :
_bfoto-novela histórica de la primera ocupación militar americana en santa cruz de el Seibo, en el año 1916 /
_cHéctor Barón Goico.
260 _aSanto Domingo :
_b[s.n.],
_c1982.
300 _a96 p. :
_bils., retrs. ;
_c22 cm.
999 _c38784
_d38784